00442 2200181 4500001002100000005001500021008004100036020001800077035001900095041000700114082000800121090001400129100002000143245001300163260003300176300002600209650002500235INLIS00000000000752520241224113504241224||||||||| | ||| |||| || |  a979-407-354-7 0010-1224007525 aid0 a813 a813 MOH s0 aKasim, Mohammad00aSi Samin aJakartabbalai pustakac2007 a133 hlm.; ilus: 21 cm 0afiksi anak -- cerpen